Mathematical logic
Αποθηκεύτηκε σε:
| Κύριος συγγραφέας: | |
|---|---|
| Μορφή: | Βιβλίο |
| Γλώσσα: | English French |
| Δημοσίευση: |
New York :
Gordon and Breach Science Publishers,
c1973
|
| Σειρά: | Notes on mathematics and its applications
|
| Θέματα: | |
| Ετικέτες: |
Προσθήκη ετικέτας
Δεν υπάρχουν, Καταχωρήστε ετικέτα πρώτοι!
|
MARC
| LEADER | 00000cam a2200000 i 4500 | ||
|---|---|---|---|
| 001 | 1/40651 | ||
| 008 | 941103s1973 eng d | ||
| 020 | |a 0677303904 | ||
| 035 | |l 10041306 | ||
| 035 | |a 1994 |c ΧΑΤΖΗΣΑΒΒΑΣ | ||
| 040 | |a GR-MY-UA |b gre |e aacr | ||
| 041 | 0 | |a eng |h fre | |
| 082 | 0 | |a 511.3 | |
| 100 | 1 | |a Ponasse, Daniel. | |
| 245 | 1 | 0 | |a Mathematical logic / |c Daniel Ponasse |
| 260 | |a New York : |b Gordon and Breach Science Publishers, |c c1973 | ||
| 300 | |a x, 126 p.; |c 24 cm. | ||
| 490 | 1 | |a Notes on mathematics and its applications | |
| 500 | |a Translation of Logique mathematique | ||
| 504 | |a Bibliography: p. 125 | ||
| 650 | 0 | 0 | |a Logic, Symbolic and mathematical. |
| 830 | 0 | |a Notes on mathematics and its applications | |
| 852 | |a INST |b SAMOS |e 19941103 |h 511.3 PON |p 005300003330 |q 005300003330 |t BK |y 0 | ||
| 909 | |a Σ |b 034509 | ||